000 00521nam a22001697a 4500
999 _c9101
_d9101
008 210323b ||||| |||| 00| 0 eng d
040 _aBMS College of Architecture
100 _aG, Ranjani
245 _aNational institute of oceanography - Malpe
300 _a83p.
500 _a1BM06AT029
502 _8B.Arch
_NBMS College of Architecture, Visvesvaraya Technological University
_aProject reprt
_d2011
650 _aMalpe
700 _aSindhu Srikanth
_eGuide
700 _aK R Madhu Chand
_eGuide
942 _2ddc
_cTHE